000 00356 a2200169 4500
001 191810
020 _a85-356-0179-1
040 _cMagnum
100 _aBraz, Julio Emilio
240 1 0 _aTantos natais
_lpor
245 1 0 _aTantos natais
300 _a30
362 0 _a1999
440 1 _aPaulinas
697 _aLITERATURA INFANTO-JUVENIL
942 _cBK
999 _c191810
_d191810